书目信息 |
| 题名: |
十五大报告辅导读本
|
|
| 作者: | ||
| 分册: | ||
| 出版信息: | 北京 人民出版社 1997 |
|
| 页数: | 370页 | |
| 开本: | 20cm | |
| 丛书名: | ||
| 单 册: | ||
| 中图分类: | D229 | |
| 科图分类: | 33.12426 | |
| 主题词: | ||
| 电子资源: | ||
| ISBN: | 7-01-002708-0 | |
| 000 | 00557nam0 2200205 45 | |
| 001 | 0198025302 | |
| 005 | 20070728095108.43 | |
| 010 | @a7-01-002708-0@dCNY14.20 | |
| 100 | @a19980506d1997 em y0chiy0120 ea | |
| 101 | 0 | @achi |
| 102 | @aCN@b110000 | |
| 105 | @ay z 000yy | |
| 200 | 10 | @a十五大报告辅导读本@Ashi wu da bao gao fu dao du ben |
| 210 | @a北京@c人民出版社@d1997 | |
| 215 | @a370页@d20cm | |
| 601 | 12 | @a中共十五大(1997)@x文件@x学习参考资料 |
| 690 | @aD229@v3 | |
| 692 | @a33.12426@v2 | |
| 801 | 0 | @aCN@bTSSF@c20070728 |
| 905 | @a10447@dD229@e163 | |
| 十五大报告辅导读本.-北京:人民出版社,1997 |
| 370页;20cm |
| ISBN 7-01-002708-0:CNY14.20 |
| ● |
| 相关链接 |
|
|
|
|
正题名:十五大报告辅导读本
索取号:D229/163
 
预约/预借
| 序号 | 登录号 | 条形码 | 馆藏地/架位号 | 状态 | 备注 |
| 1 | 0767285 | 207672856 | 第一样本阅览室/ [索取号:D229/163] | 在馆 | |
| 2 | 0767425 | 207674257 | 密集书库/ [索取号:D229/163] | 在馆 | |
| 3 | 0786512 | 207865121 | 第一借阅区/ [索取号:D229/163] | 在馆 |